| 000 | 00816nam a2200193 i 4500 | ||
|---|---|---|---|
| 001 | 170830 | ||
| 003 | ES-MaACL | ||
| 005 | 20250808062747.0 | ||
| 008 | 090408s1955 sp |||| | spa d | ||
| 245 | 0 | 3 |
_aLa palabra de Cristo _b: Verbum Vitae : Repertorio orgánico de textos para el estudio de la homilías dominicales y festivas. _nT. VII / _celaborado por una comisión de autores bajo la dirección de Mons. Ángel Herrera Oria. |
| 260 |
_aMadrid : _bLa Editorial Católica, _c1955. |
||
| 300 |
_aXXIII, 1244 p. ; _c20 cm. |
||
| 490 | 1 |
_aBiblioteca de autores cristianos ; _v140 |
|
| 505 | 8 | _aContiene : Pentescostés (3º) | |
| 700 | 1 |
_aHerrera Oria, Ángel, _d1886-1968 _963232 |
|
| 830 | 0 | 0 |
_aBiblioteca de autores cristianos _v140 _9178679 |
| 852 |
_aES-MaACL _jJ-138 _9R.46092 |
||
| 999 |
_c170830 _d170830 |
||